000 00995nam a2200265 4500
005 20240530110441.0
008 150420s2012 ua g b 000 0dara d
017 _a2011/15624
_bمصر . دار الكتب المصرية
020 _a9772328350
040 _aEG-CaGPL
082 0 4 _221
_a071.956\
_bب ص
100 0 _aبسيونى ابراهيم حمادة
245 1 2 _aالصحافة وصنع القرار السياسى فى الوطن العربى /
_cبسيونى ابراهيم حمادة
250 _aط1
260 _aالقاهرة :
_bعالم الكتب ،
_c2012 .
300 _a470 ص ؛
_c24 سم
504 _aببليوجرافية : ص 441 - 468
650 0 4 _aالصحافة العربية
650 0 4 _aمجلس الشعب
_xانتخابات
650 0 4 _aالصحافة
_xصناعة القرار
650 0 4 _aالصحفيون
650 0 4 _aالصحافة
_xالجوانب السياسية
942 _2ddc
_cBK
999 _c61054
_d61054